=LDR 00000nam 2200000 4500 =001 INLIS000000000040135 =005 20130612145721 =008 ***********************************Ind** =035 ##$$0010-061300000040135 =041 ##$$a Ind =082 ##$$a 813.Fro.O1 =100 ##$$a Frost Jeaniene =245 ##$$a One Foot In The Grave, , Pertemuan Kembali =260 ##$$a Dastan Book $b Jakarta =300 ##$$a 427hlm, , Ilus, , 15cm =850 ##$$a NBPNMAT